| 000 | 01301cam a22003617a 4500 | ||
|---|---|---|---|
| 003 | CHAP | ||
| 005 | 20220329141240.0 | ||
| 008 | 971010s1980 mx r 00010 spa d | ||
| 010 | _a65116 | ||
| 011 | _a66088 | ||
| 035 | _a73980 | ||
| 040 | _cCHAP | ||
| 082 | 1 | 0 |
_a633.15 _bC46 |
| 110 |
_aCentro de Investigaciones Agrarias, A. C. México _921106 |
||
| 245 | 1 | 3 |
_aEl cultivo del maíz en México _c/por Centro de Investigaciones Agrarias |
| 260 |
_aMéxico, D.F. : _bEl Centro, _c1980 |
||
| 300 |
_a148 p. : _bcuadros |
||
| 590 |
_aBATCH-UPD _b10 _c20130110 _lUCH01 _h1644 |
||
| 590 |
_aBATCH-UPD _b10 _c20130410 _lUCH01 _h1034 |
||
| 590 |
_aBATCH-UPD _b10 _c20130914 _lUCH01 _h0816 |
||
| 590 |
_aCONVERSION _b10 _c20130109 _lUCH01 _h1335 |
||
| 650 | 1 | 4 |
_aMaíz _xMejoramiento. _971006 |
| 650 | 1 | 4 |
_aMaíz _xProteínas. _971043 |
| 650 | 1 | 4 |
_aMaíz _zMéxico. _971098 |
| 700 | 0 |
_aCalderón Acosta, Rafael. _917366 |
|
| 700 | 0 |
_aRomero Peña, Guillermo. _999646 |
|
| 901 | _aBK | ||
| 942 | _cLIBRO | ||
| 949 |
_a633.15 C4 _bF _cLIBRO _d-6825 _eLIBRO _h2916 _i73980 _si |
||
| 949 |
_a633.15 C46 _bBC _cLIBRO _d33724000682761 _eLIBRO _fc.3 _h72972 _i73980 _si |
||
| 949 |
_a633.15 C46 _bBC _cLIBRO _d33724000731154 _eLIBRO _h49304 _i73980 _si |
||
| 949 |
_a633.15 C46 _bBC _cLIBRO _d33724002015040 _eLIBRO _fc.2 _h50267 _i73980 _si |
||
| 999 |
_c65116 _d65116 |
||